| 000 | 00664nam a2200181Ia 4500 | ||
|---|---|---|---|
| 008 | 090123s9999 xx 000 0 und d | ||
| 082 |
_b33549 _a923.254/दुधाणे |
||
| 100 | _aदुधाणे संजय | ||
| 245 | _aऑलिम्पिकवीर खाशाबा जाधव | ||
| 250 | _a1 | ||
| 260 |
_bमीनल प्रकाशन _c2001 |
||
| 300 | _a136 | ||
| 600 | _aदुधाणे संजय | ||
| 630 | _aऑलिम्पिकवीर खाशाबा जाधव | ||
| 700 | _aदुधाणे संजय | ||
| 730 | _aऑलिम्पिकवीर खाशाबा जाधव | ||
| 942 | _cBOOK | ||
| 999 |
_c71608 _d71608 |
||